Latin Roots - Lesson 7 - Statistics

General Stats
  • This quiz has been taken 3 times
  • The average score is 3 of 19
Answer Stats
Hint Answer % Correct
first PRIM
67%
city URB
67%
man VIR
67%
old SEN
33%
self SUI
33%
shade, shadow UMBR
33%
to live VIV
33%
to grow, increase AUG, AUCT
0%
to close, shut CLAUD, CLAUS, CLAUSTR
0%
to grow, rise CRESC, CREAS, CRU
0%
to attach FIX
0%
to bend FLECT, FLEX
0%
to lift, raise; light LEV
0%
to drive, push PEL, PELL, PULS
0%
to sit, settle SED, SID, SESS
0%
friend, ally SOC
0%
boundary, limit, end TERMIN
0%
to disturb, crowd TURB
0%
farthest ULTIM
0%
No matching quizzes found
Score Distribution
Percent of People with Each Score
Percentile by Number Answered
Your Score History
You have not taken this quiz